Un Jardí per a les papallones diürnes : Ropalòcers / Parc de Collserola Ropalòcers / Parc de Collserola
Descripción Física:
1 tríptic ; 21 cm
Otros Autores:
Àrea Metropolitana de Barcelona
MARC
| LEADER | 00000nam a2200000Ia 4500 | ||
|---|---|---|---|
| 001 | 23263 | ||
| 008 | 160829s2007 xx 000 0 cat d | ||
| 080 | |a FU-59-74 | ||
| 245 | |a Un Jardí per a les papallones diürnes : |b Ropalòcers / Parc de Collserola | ||
| 260 | |a Barcelona : |b Diputació de Barcelona : |b Àrea Metropolitana de Barcelona, |c 2007 | ||
| 300 | |a 1 tríptic ; |c 21 cm | ||
| 590 | |a Tríptic editat amb motiu de la Festa de la Primavera | ||
| 650 | |a Papallones |x Parc de Collserola |9 46559 | ||
| 651 | 0 | |a Parc Natural de Collserola (Catalunya) |9 54680 | |
| 700 | |a Àrea Metropolitana de Barcelona |9 2825 | ||
| 710 | 1 | |a Barcelona (Catalunya : Província). |b Diputació |9 52408 | |
| 901 | |a Arxiu | ||
| 942 | |n 1 | ||
| 952 | |0 0 |1 0 |4 0 |6 FU5974 |7 1 |9 53274 |a Arxiu |b Arxiu |d 2011-09-23 |l 0 |o FU-59-74 |p 23263 |r 2016-12-01 00:00:00 |w 2016-12-01 |y ARXIU | ||
| 999 | |c 57138 |d 57138 | ||